000 00334nam a2200133 i 4500
001 bg
100 1 _aTOKARZEWSKI, L.
245 0 _aMałe kompendium chemiczno-technologiczne z zadaniami /
_cL. Tokarzewski.
260 _aKatowice,
_c1987.
040 _cBPK
041 _apol
942 _cKS
008 s pl f |000 0 pol
999 _c3594
_d3594
856 _uhttp://koha.tu.koszalin.pl/cgi-bin/koha/opac-detail.pl?biblionumber=3594
_yKatalog online BPK